|
|
|
|
| LEADER |
00000nam0a2200000 4500 |
| 001 |
47985 |
| 005 |
20231031030907.0 |
| 035 |
|
|
|a (RuTPU)RU\TPU\book\50176
|
| 090 |
|
|
|a 47985
|
| 100 |
|
|
|a 20030227d1968 k y0rusy50 ca
|
| 101 |
0 |
|
|a rus
|
| 102 |
|
|
|a RU
|
| 105 |
|
|
|a a z 001zy
|
| 200 |
1 |
|
|a Основы автоматического управления
|f В. С. Пугачев [и др.]
|g под ред. В. С. Пугачева
|
| 205 |
|
|
|a 2-е изд., испр. и доп.
|
| 210 |
|
|
|a Москва
|c Наука
|d 1968
|
| 215 |
|
|
|a 679 с.
|c ил.
|
| 320 |
|
|
|a Библиогр.: с. 671-674.
|
| 320 |
|
|
|a Предм. указ.: с. 675-679.
|
| 451 |
|
1 |
|0 (RuTPU)RU\TPU\book\37700
|t Основы автоматического управления
|f Под ред. В. С. Пугачева
|e 3-е изд., испр. и доп.
|c М.
|n Наука
|d 1974
|p 719 с.
|
| 610 |
1 |
|
|a автоматика
|
| 610 |
1 |
|
|a автоматическое управление
|
| 610 |
1 |
|
|a линейные системы
|
| 610 |
1 |
|
|a устойчивость
|
| 610 |
1 |
|
|a нелинейные системы
|
| 610 |
1 |
|
|a автоколебания
|
| 610 |
1 |
|
|a оптимальные системы
|
| 610 |
1 |
|
|a статистическая теория
|
| 610 |
1 |
|
|a самонастраивающиеся системы
|
| 675 |
|
|
|a 621.013
|v 3
|
| 701 |
|
1 |
|a Пугачев
|b В. С.
|g Владимир Семенович
|
| 701 |
|
1 |
|a Казаков
|b И. Е.
|
| 701 |
|
1 |
|a Гладков
|b Д. И.
|
| 701 |
|
1 |
|a Евланов
|b Л. Г.
|
| 701 |
|
1 |
|a Мальчиков
|b С. В.
|
| 702 |
|
1 |
|a Пугачев
|b В. С.
|g Владимир Семенович
|4 340
|
| 801 |
|
1 |
|a RU
|b 63413507
|c 20030227
|g PSBO
|
| 801 |
|
2 |
|a RU
|b 63413507
|c 20190408
|g PSBO
|
| 900 |
|
|
|a Управление, сертификация и инноватика
|
| 942 |
|
|
|c BK
|